[Event "Scarborough CC-ch Reserves U1400"]
[Site "Toronto CAN"]
[Date "2012.04.05"]
[Round "3"]
[White "Magee, Bruce"]
[Black "Feng, Richard"]
[Result "1-0"]
[WhiteElo "1022"]
[BlackElo "858"]
[PlyCount "82"]
[GameId "2160767909510251"]
[EventDate "2012.03.22"]
[EventType "swiss"]
[EventRounds "9"]
[EventCountry "CAN"]
[SourceTitle "EXT 2022"]
[Source "ChessBase"]
[SourceDate "2021.10.06"]
[SourceVersion "1"]
[SourceVersionDate "2021.10.06"]
[SourceQuality "1"]

1. c4 c5 2. Nc3 d6 3. d4 cxd4 4. Qxd4 Nc6 5. Qd3 Nf6 6. Bg5 Nb4 7. Qd2 Bf5 8. e4 Nxe4 9. Nxe4 Bxe4 10. Qxb4 g6 11. c5 Bc6 12. O-O-O f6 13. Bh4 Qc7 14. Bg3 Bh6+ 15. Kb1 dxc5 16. Bxc7 cxb4 17. Bc4 Rc8 18. Nf3 Rxc7 19. Rd4 e5 20. Re1 b5 21. Bb3 Bxf3 22. gxf3 Ke7 23. Rxb4 Bd2 24. Rbe4 Bxe1 25. Rxe1 h5 26. Rg1 Rhc8 27. h4 a5 28. a4 bxa4 29. Bxa4 Rc4 30. Bb5 Rxh4 31. Rxg6 Rh1+ 32. Ka2 Rh2 33. Rg7+ Ke6 34. Bd7+ Kd6 35. Bxc8 Kd5 36. Rf7 h4 37. Rxf6 Rxf2 38. Rh6 Rxf3 39. Bb7+ Kd4 40. Bxf3 e4 41. Rxh4 Ke3 1-0

[Event "Scarborough CC-ch Reserves U1400"]
[Site "Toronto CAN"]
[Date "2012.04.05"]
[Round "3"]
[White "Marcelino, Daryl"]
[Black "Ming, Wenyang"]
[Result "1/2-1/2"]
[WhiteElo "911"]
[BlackElo "1269"]
[PlyCount "73"]
[GameId "2160767909510252"]
[EventDate "2012.03.22"]
[EventType "swiss"]
[EventRounds "9"]
[EventCountry "CAN"]
[SourceTitle "EXT 2022"]
[Source "ChessBase"]
[SourceDate "2021.10.06"]
[SourceVersion "1"]
[SourceVersionDate "2021.10.06"]
[SourceQuality "1"]

1. e4 c5 2. c4 Nc6 3. Nf3 g6 4. d4 cxd4 5. Nxd4 Bg7 6. Nc3 Nxd4 7. Nd5 Nf6 8. Qxd4 O-O 9. Bd3 b6 10. Bg5 Nxd5 11. Qxd5 Rb8 12. Rb1 Bb7 13. Qb5 Qc7 14. Bxe7 Rfe8 15. Qb4 Bxe4 16. Bxe4 Qe5 17. O-O Rxe7 18. Rfe1 Qc5 19. Qxc5 bxc5 20. b3 Rbe8 21. f3 f5 22. Bd5+ Kf8 23. Rxe7 Rxe7 24. Kf1 Bd4 25. Re1 d6 26. Rxe7 Kxe7 27. Ke2 f4 28. a3 a5 29. a4 Kf6 30. g3 g5 31. g4 h6 32. h3 Ke5 33. Kd3 Bf2 34. Ke2 Bg3 35. Kd3 Be1 36. Ke2 Bb4 37. Kd3 1/2-1/2

[Event "Scarborough CC-ch Reserves U1400"]
[Site "Toronto CAN"]
[Date "2012.04.05"]
[Round "3"]
[White "Mendrinos, Ari"]
[Black "Mahoney, Sean"]
[Result "0-1"]
[WhiteElo "1298"]
[BlackElo "958"]
[PlyCount "42"]
[GameId "2160767909510253"]
[EventDate "2012.03.22"]
[EventType "swiss"]
[EventRounds "9"]
[EventCountry "CAN"]
[SourceTitle "EXT 2022"]
[Source "ChessBase"]
[SourceDate "2021.10.06"]
[SourceVersion "1"]
[SourceVersionDate "2021.10.06"]
[SourceQuality "1"]

1. e4 e5 2. Qh5 Nc6 3. Nc3 Nf6 4. Qd1 Bb4 5. Bd3 d5 6. exd5 Nxd5 7. Nxd5 Qxd5 8. Qf3 Qc5 9. c3 Ba5 10. a3 Bb6 11. b4 Qd6 12. Ne2 Be6 13. O-O O-O-O 14. Bf5 g6 15. Bxe6+ Qxe6 16. Rd1 e4 17. Qg3 e3 18. f3 exd2+ 19. Kf1 Rhe8 20. Qh3 f5 21. Nf4 Qc4+ 0-1

[Event "Scarborough CC-ch Reserves U1400"]
[Site "Toronto CAN"]
[Date "2012.04.05"]
[Round "3"]
[White "Ming, Qing"]
[Black "Roy, Harrison"]
[Result "1-0"]
[WhiteElo "1112"]
[BlackElo "827"]
[PlyCount "49"]
[GameId "2160767909510254"]
[EventDate "2012.03.22"]
[EventType "swiss"]
[EventRounds "9"]
[EventCountry "CAN"]
[SourceTitle "EXT 2022"]
[Source "ChessBase"]
[SourceDate "2021.10.06"]
[SourceVersion "1"]
[SourceVersionDate "2021.10.06"]
[SourceQuality "1"]

1. e4 e5 2. Nf3 Nf6 3. Nc3 Bb4 4. Bc4 Bxc3 5. dxc3 O-O 6. Bg5 d6 7. h3 h6 8. Bh4 Nc6 9. a3 Re8 10. Qe2 a6 11. O-O-O b5 12. Bd5 Bb7 13. Nh2 g5 14. Bg3 Nxd5 15. exd5 Na5 16. Qh5 Nc4 17. Ng4 a5 18. Qxh6 b4 19. Nf6+ Qxf6 20. Qxf6 Bxd5 21. Qxg5+ Kf8 22. Rxd5 bxa3 23. bxa3 Rab8 24. Bh4 Rb2 25. Qh6+ 1-0

[Event "Scarborough CC-ch Reserves U1400"]
[Site "Toronto CAN"]
[Date "2012.04.05"]
[Round "3"]
[White "Paraparan, Varshini"]
[Black "Jimenez, Michael"]
[Result "1-0"]
[WhiteElo "1141"]
[BlackElo "931"]
[PlyCount "85"]
[GameId "2160767909510255"]
[EventDate "2012.03.22"]
[EventType "swiss"]
[EventRounds "9"]
[EventCountry "CAN"]
[SourceTitle "EXT 2022"]
[Source "ChessBase"]
[SourceDate "2021.10.06"]
[SourceVersion "1"]
[SourceVersionDate "2021.10.06"]
[SourceQuality "1"]

1. e4 e5 2. Nf3 Nc6 3. Bb5 a6 4. Ba4 Nf6 5. O-O b5 6. Bb3 d6 7. Re1 Bg4 8. h3 Bh5 9. d3 Nd4 10. Nbd2 Be7 11. c3 Nxb3 12. axb3 O-O 13. Nf1 d5 14. Ng3 dxe4 15. Nxh5 Nxh5 16. Nxe5 Qd6 17. Qxh5 g6 18. Qe2 Qxe5 19. Qxe4 Qd6 20. Qxe7 Rfe8 21. Qxe8+ Rxe8 22. Rxe8+ Kg7 23. d4 Qd7 24. Ra8 Qd5 25. R8xa6 Qxb3 26. Rc6 b4 27. Rxc7 Qd5 28. cxb4 Qxd4 29. Rb7 Qd1+ 30. Kh2 Qd5 31. Raa7 Qd6+ 32. g3 Kg8 33. Rxf7 Qxb4 34. Bh6 Qb8 35. Rf8+ Qxf8 36. Bxf8 Kxf8 37. Rxh7 Kg8 38. Rc7 g5 39. b4 g4 40. b5 gxh3 41. b6 Kf8 42. b7 Ke8 43. b8=Q# 1-0

[Event "Scarborough CC-ch Reserves U1400"]
[Site "Toronto CAN"]
[Date "2012.04.05"]
[Round "3"]
[White "Pulogarajah, Kaarthic"]
[Black "Guo, Thomas"]
[Result "0-1"]
[WhiteElo "998"]
[BlackElo "1102"]
[PlyCount "64"]
[GameId "2160767909510256"]
[EventDate "2012.03.22"]
[EventType "swiss"]
[EventRounds "9"]
[EventCountry "CAN"]
[SourceTitle "EXT 2022"]
[Source "ChessBase"]
[SourceDate "2021.10.06"]
[SourceVersion "1"]
[SourceVersionDate "2021.10.06"]
[SourceQuality "1"]

1. e4 e6 2. d4 d5 3. Nc3 Bb4 4. Bd2 dxe4 5. Nxe4 Qxd4 6. Bd3 Bxd2+ 7. Nxd2 b6 8. b3 Bb7 9. Ngf3 Bxf3 10. Nxf3 Qc3+ 11. Nd2 Qe5+ 12. Ne4 f5 13. f4 Qxf4 14. Nf2 Qe5+ 15. Be2 Qc3+ 16. Kf1 Nc6 17. Bb5 Rd8 18. Bxc6+ Qxc6 19. Qe2 Nf6 20. Rd1 Rxd1+ 21. Qxd1 O-O 22. Nd3 Rd8 23. Qe2 Ne4 24. g4 Ng3+ 25. hxg3 Qxh1+ 26. Kf2 Qh2+ 27. Kf3 fxg4+ 28. Ke3 Qxg3+ 29. Kd2 Qf4+ 30. Kd1 Qf3 31. Qxf3 gxf3 32. Ke1 e5 0-1

[Event "Scarborough CC-ch Reserves U1400"]
[Site "Toronto CAN"]
[Date "2012.04.05"]
[Round "3"]
[White "Sekar, Varun"]
[Black "Azizi, Hamid"]
[Result "0-1"]
[WhiteElo "1294"]
[BlackElo "1367"]
[PlyCount "110"]
[GameId "2160767909510257"]
[EventDate "2012.03.22"]
[EventType "swiss"]
[EventRounds "9"]
[EventCountry "CAN"]
[SourceTitle "EXT 2022"]
[Source "ChessBase"]
[SourceDate "2021.10.06"]
[SourceVersion "1"]
[SourceVersionDate "2021.10.06"]
[SourceQuality "1"]

1. e4 d5 2. exd5 Nf6 3. Nf3 Nxd5 4. Bc4 c6 5. h3 Bf5 6. d4 Nd7 7. O-O e6 8. Bg5 Qb6 9. b3 h6 10. Bh4 Nb4 11. a3 Bxc2 12. Qd2 Bxb1 13. Raxb1 Nd5 14. b4 Bd6 15. Rfe1 O-O 16. Bxd5 cxd5 17. Rbc1 Rfc8 18. Qe3 Nf8 19. Rc3 Ng6 20. Rec1 Re8 21. Qd3 Nf4 22. Qd2 Qb5 23. Re1 Rac8 24. Rxc8 Rxc8 25. Bg3 g5 26. h4 f6 27. Qe3 Re8 28. hxg5 hxg5 29. Nh4 Qd3 30. Bxf4 Qxe3 31. Rxe3 Bxf4 32. Rf3 Kf7 33. g3 Bxg3 34. fxg3 gxh4 35. gxh4 Rg8+ 36. Kf2 Rg4 37. Rc3 Rxd4 38. Rc7+ Kg6 39. Rxb7 Rxh4 40. Rxa7 Rh2+ 41. Ke3 Rh3+ 42. Kf2 Rb3 43. Ke2 d4 44. Kd2 e5 45. Kc2 Rc3+ 46. Kd2 e4 47. b5 f5 48. b6 Rb3 49. Rb7 f4 50. Rb8 e3+ 51. Ke2 d3+ 52. Kf3 d2 53. b7 d1=Q+ 54. Kxf4 Qd6+ 55. Ke4 Qxb8 0-1

[Event "Scarborough CC-ch Reserves U1400"]
[Site "Toronto CAN"]
[Date "2012.04.05"]
[Round "3"]
[White "Yu, Tianxi"]
[Black "Patel, Saiyam"]
[Result "1-0"]
[WhiteElo "954"]
[BlackElo "871"]
[PlyCount "79"]
[GameId "2160767909510258"]
[EventDate "2012.03.22"]
[EventType "swiss"]
[EventRounds "9"]
[EventCountry "CAN"]
[SourceTitle "EXT 2022"]
[Source "ChessBase"]
[SourceDate "2021.10.06"]
[SourceVersion "1"]
[SourceVersionDate "2021.10.06"]
[SourceQuality "1"]

1. e4 e5 2. Nf3 Nf6 3. Nxe5 Nxe4 4. d3 Nf6 5. Bg5 Nc6 6. Nxc6 dxc6 7. Nc3 Ng4 8. Bxd8 Bc5 9. Bh4 Bd6 10. Qe2+ Be6 11. Bg3 Bc5 12. f3 Ne3 13. Bf2 Nf5 14. Bxc5 b6 15. Bd4 Nxd4 16. Qf2 Nxc2+ 17. Qxc2 Bf5 18. g4 Bg6 19. Qe2+ Kf8 20. O-O-O Re8 21. Ne4 f5 22. gxf5 Bf7 23. Qc2 g6 24. fxg6 hxg6 25. Qxc6 Re6 26. Qxc7 Kg7 27. Ng5 Rf6 28. Nxf7 Rxf7 29. Qe5+ Kh6 30. Rg1 Rhh7 31. Qg5+ Kg7 32. Qxg6+ Kf8 33. Qg8+ Ke7 34. Re1+ Kd6 35. Qd8+ Rd7 36. Rg6+ Kc5 37. Qg5+ Rd5 38. Qe3+ Kb5 39. d4+ Kb4 40. Qa3# 1-0

[Event "Scarborough CC-ch Reserves U1400"]
[Site "Toronto CAN"]
[Date "2012.04.12"]
[Round "4"]
[White "Azizi, Hamid"]
[Black "Wang, Yanning"]
[Result "1/2-1/2"]
[WhiteElo "1367"]
[BlackElo "1117"]
[PlyCount "100"]
[GameId "2160767909510259"]
[EventDate "2012.03.22"]
[EventType "swiss"]
[EventRounds "9"]
[EventCountry "CAN"]
[SourceTitle "EXT 2022"]
[Source "ChessBase"]
[SourceDate "2021.10.06"]
[SourceVersion "1"]
[SourceVersionDate "2021.10.06"]
[SourceQuality "1"]

1. f4 Nf6 2. Nf3 Nc6 3. e3 d5 4. c4 d4 5. d3 e6 6. a3 a5 7. Be2 Bc5 8. e4 Ng4 9. O-O Ne3 10. Bxe3 dxe3 11. Nc3 h6 12. Kh1 O-O 13. Qc1 Re8 14. Nd1 e5 15. f5 g6 16. Nxe3 Bxe3 17. Qxe3 gxf5 18. Qxh6 Re6 19. Qg5+ Qxg5 20. Nxg5 Rg6 21. h4 Nd4 22. Bh5 Rg7 23. Rf2 f6 24. Nf3 Rh7 25. Bg6 Rh6 26. h5 Nxf3 27. gxf3 f4 28. Kg2 c5 29. Kf1 Be6 30. Ke2 Bf7 31. Rg1 Rb8 32. Rfg2 b5 33. cxb5 Rxb5 34. Kd1 Rb3 35. Kc2 a4 36. Rh1 Kg7 37. Bf5+ Kf8 38. Bd7 c4 39. Bxa4 cxd3+ 40. Kc1 Rb8 41. Rgh2 Ke7 42. b4 Ra8 43. Bc6 Rxa3 44. b5 Ra1+ 45. Kd2 Rxh1 46. Rxh1 Rxh5 47. Rb1 Rh8 48. Ra1 Kd6 49. Kxd3 Kc5 50. Ra7 Bc4+ 1/2-1/2

[Event "Scarborough CC-ch Reserves U1400"]
[Site "Toronto CAN"]
[Date "2012.04.12"]
[Round "4"]
[White "Deng, Yi"]
[Black "Mahoney, Sean"]
[Result "0-1"]
[WhiteElo "1062"]
[BlackElo "958"]
[PlyCount "52"]
[GameId "2160767909510260"]
[EventDate "2012.03.22"]
[EventType "swiss"]
[EventRounds "9"]
[EventCountry "CAN"]
[SourceTitle "EXT 2022"]
[Source "ChessBase"]
[SourceDate "2021.10.06"]
[SourceVersion "1"]
[SourceVersionDate "2021.10.06"]
[SourceQuality "1"]

1. e4 e5 2. Nf3 Nc6 3. Bc4 h6 4. d4 exd4 5. Nxd4 Ne5 6. Bb3 Nf6 7. Nc3 Bb4 8. f3 O-O 9. Bd2 Bc5 10. Be3 Bb6 11. Qe2 c5 12. Nf5 c4 13. Bxc4 Nxc4 14. Qxc4 d5 15. exd5 Bxf5 16. Bf4 Rc8 17. Qb3 Re8+ 18. Kd2 Rc5 19. d6 Nh5 20. Be3 Qxd6+ 21. Ke2 Rce5 22. Nd1 Bxe3 23. Nxe3 Qc5 24. Qxb7 Qxe3+ 25. Kf1 Bxc2 26. Qb4 Bd3# 0-1

[Event "Scarborough CC-ch Reserves U1400"]
[Site "Toronto CAN"]
[Date "2012.04.12"]
[Round "4"]
[White "Feng, Richard"]
[Black "Marcelino, Daryl"]
[Result "1-0"]
[WhiteElo "1022"]
[BlackElo "911"]
[PlyCount "45"]
[GameId "2160767909510261"]
[EventDate "2012.03.22"]
[EventType "swiss"]
[EventRounds "9"]
[EventCountry "CAN"]
[SourceTitle "EXT 2022"]
[Source "ChessBase"]
[SourceDate "2021.10.06"]
[SourceVersion "1"]
[SourceVersionDate "2021.10.06"]
[SourceQuality "1"]

1. e4 e5 2. Nf3 Nc6 3. Bc4 Nf6 4. Ng5 d5 5. exd5 Nxd5 6. Nxf7 Kxf7 7. Qf3+ Ke6 8. Nc3 Ke7 9. Nxd5+ Ke8 10. Nb6 Qd4 11. Qf7+ Kd8 12. Nxa8 Bc5 13. Qxc7+ Ke8 14. Qxc8+ Nd8 15. Bb5+ Kf7 16. O-O Rf8 17. d3 Kg8 18. Be3 Qxb2 19. Qxc5 a6 20. Bc4+ Nf7 21. Rab1 Qxc2 22. Bxf7+ Rxf7 23. Qxc2 1-0

[Event "Scarborough CC-ch Reserves U1400"]
[Site "Toronto CAN"]
[Date "2012.04.12"]
[Round "4"]
[White "Guo, Thomas"]
[Black "Ming, Qing"]
[Result "1/2-1/2"]
[WhiteElo "1102"]
[BlackElo "1112"]
[PlyCount "76"]
[GameId "2160767909510262"]
[EventDate "2012.03.22"]
[EventType "swiss"]
[EventRounds "9"]
[EventCountry "CAN"]
[SourceTitle "EXT 2022"]
[Source "ChessBase"]
[SourceDate "2021.10.06"]
[SourceVersion "1"]
[SourceVersionDate "2021.10.06"]
[SourceQuality "1"]

1. e4 c5 2. Nf3 Nc6 3. Bb5 d6 4. d4 cxd4 5. Nxd4 Bd7 6. Nc3 e5 7. Nxc6 Bxc6 8. Bxc6+ bxc6 9. O-O Nf6 10. Bg5 Be7 11. Rb1 h6 12. Bxf6 Bxf6 13. Qd3 O-O 14. Rfd1 Be7 15. b4 Rb8 16. b5 Qc7 17. bxc6 Qxc6 18. Nd5 Qd7 19. g3 Rfe8 20. Kg2 Rxb1 21. Rxb1 Bg5 22. h4 Be7 23. Qa6 Bxh4 24. gxh4 Qg4+ 25. Kf1 Qh3+ 26. Ke2 Qg4+ 27. Kd2 Qxe4 28. Qxd6 Qxh4 29. Rb8 Qxf2+ 30. Kc1 Rxb8 31. Qxb8+ Kh7 32. Qxe5 Qf1+ 33. Kb2 Qb5+ 34. Kc1 Qf1+ 35. Kb2 Qb5+ 36. Kc3 Qa5+ 37. Kb2 Qb5+ 38. Kc1 Qf1+ 1/2-1/2

[Event "Scarborough CC-ch Reserves U1400"]
[Site "Toronto CAN"]
[Date "2012.04.12"]
[Round "4"]
[White "Jimenez, Michael"]
[Black "Liu, Daniel1"]
[Result "0-1"]
[WhiteElo "931"]
[BlackElo "1022"]
[PlyCount "54"]
[GameId "2160767909510263"]
[EventDate "2012.03.22"]
[EventType "swiss"]
[EventRounds "9"]
[EventCountry "CAN"]
[SourceTitle "EXT 2022"]
[Source "ChessBase"]
[SourceDate "2021.10.06"]
[SourceVersion "1"]
[SourceVersionDate "2021.10.06"]
[SourceQuality "1"]

1. e4 e5 2. Nf3 Nc6 3. Bb5 a6 4. Ba4 Nf6 5. d3 d6 6. Nc3 b5 7. Bb3 Bg4 8. h3 Bh5 9. Bg5 Be7 10. h4 Nd4 11. Rg1 Nxb3 12. axb3 Qd7 13. Bxf6 Bxf6 14. Qe2 Bxh4 15. Rh1 Qe7 16. Nd5 Bxf3 17. Qxf3 Qd8 18. Rxh4 Qxh4 19. Nxc7+ Ke7 20. Nxa8 Qh1+ 21. Kd2 Qxa1 22. Kc3 Rxa8 23. Qh5 Rc8+ 24. Kd2 Qxb2 25. Qg5+ Kf8 26. Qh5 Rxc2+ 27. Ke1 Qb1+ 0-1

[Event "Scarborough CC-ch Reserves U1400"]
[Site "Toronto CAN"]
[Date "2012.04.12"]
[Round "4"]
[White "Lu, Leo"]
[Black "Kaneshalingam, Mathanhe"]
[Result "0-1"]
[WhiteElo "918"]
[BlackElo "1114"]
[PlyCount "54"]
[GameId "2160767909510264"]
[EventDate "2012.03.22"]
[EventType "swiss"]
[EventRounds "9"]
[EventCountry "CAN"]
[SourceTitle "EXT 2022"]
[Source "ChessBase"]
[SourceDate "2021.10.06"]
[SourceVersion "1"]
[SourceVersionDate "2021.10.06"]
[SourceQuality "1"]

1. e4 c5 2. Nf3 Nc6 3. Nc3 e5 4. Bc4 d6 5. d3 Be7 6. Be3 Nf6 7. Ng5 O-O 8. Nd5 Nxd5 9. Nxh7 Kxh7 10. Qh5+ Kg8 11. Bxd5 Nd4 12. O-O-O Rb8 13. h4 b5 14. Bg5 Qc7 15. f4 exf4 16. Rhf1 Bb7 17. Rxf4 Bxd5 18. exd5 g6 19. Qh6 Ne2+ 20. Kd2 Nxf4 21. Re1 Rfe8 22. Bxf4 Qa5+ 23. Kd1 Qxa2 24. h5 Bf8 25. Rxe8 Rxe8 26. Qg5 Qb1+ 27. Kd2 Qe1# 0-1

[Event "Scarborough CC-ch Reserves U1400"]
[Site "Toronto CAN"]
[Date "2012.04.12"]
[Round "4"]
[White "Maurer, Hans"]
[Black "Wang, Edward"]
[Result "0-1"]
[WhiteElo "901"]
[BlackElo "1071"]
[PlyCount "106"]
[GameId "2160767909510265"]
[EventDate "2012.03.22"]
[EventType "swiss"]
[EventRounds "9"]
[EventCountry "CAN"]
[SourceTitle "EXT 2022"]
[Source "ChessBase"]
[SourceDate "2021.10.06"]
[SourceVersion "1"]
[SourceVersionDate "2021.10.06"]
[SourceQuality "1"]

1. e4 c6 2. d4 d5 3. e5 Bf5 4. Nf3 Nd7 5. Nc3 e6 6. a3 Ne7 7. g3 g6 8. Bg2 Bg7 9. Bg5 f6 10. Bf4 O-O 11. h3 Qb6 12. Rb1 g5 13. exf6 Bxf6 14. Bd6 c5 15. Bxe7 Bxe7 16. O-O cxd4 17. Nxd4 Bc5 18. Nce2 Bg6 19. c3 Bxb1 20. Qxb1 e5 21. Bxd5+ Kh8 22. b4 exd4 23. bxc5 Qxb1 24. Rxb1 dxc3 25. Nxc3 Nxc5 26. Ne4 Nxe4 27. Bxe4 Rab8 28. Rd1 Rf7 29. Rd5 Rbf8 30. f3 h6 31. Kg2 Kg7 32. g4 a6 33. Kg3 b5 34. h4 gxh4+ 35. Kxh4 Kf6 36. Rd6+ Kg7 37. Kh5 Rf6 38. Rd7+ R8f7 39. Rd5 Rb6 40. g5 a5 41. gxh6+ Rxh6+ 42. Kg4 Rb6 43. Kh5 a4 44. Rg5+ Kf8 45. Bd5 Rh7+ 46. Kg4 b4 47. Rf5+ Ke7 48. axb4 Rxb4+ 49. Kg5 a3 50. Bg8 Rg7+ 51. Kh6 Rxg8 52. Ra5 Rb3 53. f4 Rh3+ 0-1

[Event "Scarborough CC-ch Reserves U1400"]
[Site "Toronto CAN"]
[Date "2012.04.12"]
[Round "4"]
[White "Ming, Wenyang"]
[Black "Pakerathan, Thurvan"]
[Result "0-1"]
[WhiteElo "1269"]
[BlackElo "947"]
[PlyCount "46"]
[GameId "2160767909510266"]
[EventDate "2012.03.22"]
[EventType "swiss"]
[EventRounds "9"]
[EventCountry "CAN"]
[SourceTitle "EXT 2022"]
[Source "ChessBase"]
[SourceDate "2021.10.06"]
[SourceVersion "1"]
[SourceVersionDate "2021.10.06"]
[SourceQuality "1"]

1. e4 e5 2. Nf3 Nc6 3. Bc4 Nf6 4. d3 h6 5. Nc3 Bb4 6. Bd2 O-O 7. a3 Ba5 8. Bb5 Bb6 9. Bxc6 dxc6 10. Nxe5 Qd4 11. O-O Qxe5 12. h3 g5 13. Kh1 g4 14. Bxh6 Rd8 15. f4 Qh5 16. Bg5 Bd4 17. e5 Nd5 18. Bxd8 Ne3 19. Qe2 Nxf1 20. Rxf1 Bf5 21. Bxc7 Qh4 22. g3 Qxh3+ 23. Qh2 Qxf1+ 0-1

[Event "Scarborough CC-ch Reserves U1400"]
[Site "Toronto CAN"]
[Date "2012.04.12"]
[Round "4"]
[White "Paraparan, Varshini"]
[Black "Magee, Bruce"]
[Result "1/2-1/2"]
[WhiteElo "1141"]
[BlackElo "858"]
[PlyCount "71"]
[GameId "2160767909510267"]
[EventDate "2012.03.22"]
[EventType "swiss"]
[EventRounds "9"]
[EventCountry "CAN"]
[SourceTitle "EXT 2022"]
[Source "ChessBase"]
[SourceDate "2021.10.06"]
[SourceVersion "1"]
[SourceVersionDate "2021.10.06"]
[SourceQuality "1"]

1. e4 b6 2. d4 Bb7 3. Nc3 Nf6 4. e5 Nd5 5. Nxd5 Bxd5 6. Nf3 e6 7. Bd3 h6 8. c3 Nc6 9. O-O Qe7 10. Re1 O-O-O 11. Ba6+ Kb8 12. a4 f6 13. b4 Re8 14. a5 fxe5 15. Nxe5 Nxe5 16. Rxe5 Qf6 17. axb6 Qg6 18. bxa7+ Ka8 19. Bf1 Bd6 20. Re1 Bf3 21. Qxf3+ c6 22. Bd3 Qf6 23. Qxf6 gxf6 24. Be4 f5 25. Bf3 h5 26. b5 Rc8 27. bxc6 dxc6 28. Rxe6 Rhd8 29. Bg5 Rd7 30. Re8 Rdc7 31. Rxc8+ Rxc8 32. Bxh5 Rc7 33. Bf3 Bxh2+ 34. Kxh2 f4 35. Bxf4 Rb7 36. Bxc6 1/2-1/2

[Event "Scarborough CC-ch Reserves U1400"]
[Site "Toronto CAN"]
[Date "2012.04.12"]
[Round "4"]
[White "Pulogarajah, Kaarthic"]
[Black "Balendra, Harigaran"]
[Result "0-1"]
[WhiteElo "998"]
[BlackElo "1236"]
[PlyCount "100"]
[GameId "2160767909510268"]
[EventDate "2012.03.22"]
[EventType "swiss"]
[EventRounds "9"]
[EventCountry "CAN"]
[SourceTitle "EXT 2022"]
[Source "ChessBase"]
[SourceDate "2021.10.06"]
[SourceVersion "1"]
[SourceVersionDate "2021.10.06"]
[SourceQuality "1"]

1. e4 c5 2. Nf3 d6 3. d4 cxd4 4. Nxd4 Nf6 5. Nc3 e5 6. Nf3 Be7 7. Bb5+ Bd7 8. Bxd7+ Nbxd7 9. O-O O-O 10. Bg5 h6 11. Bxf6 Nxf6 12. h3 Qb6 13. Nd5 Nxd5 14. Qxd5 Rfc8 15. c4 Rc5 16. Qd3 Bf8 17. Rab1 Qa6 18. b4 Qxc4 19. Qxc4 Rxc4 20. Nd2 Rc2 21. Rfd1 Rxa2 22. Nc4 Rd8 23. Nxe5 f6 24. Ng6 Kf7 25. Nxf8 Kxf8 26. f4 Re2 27. Re1 Rxe1+ 28. Rxe1 Re8 29. f5 d5 30. Ra1 Rxe4 31. b5 Rb4 32. Rxa7 Rxb5 33. Ra8+ Kf7 34. Rd8 b6 35. Rd7+ Kg8 36. g4 Rb1+ 37. Kg2 Rb2+ 38. Kg3 Rb5 39. Kh4 Kh7 40. Kh5 Rc5 41. h4 Rc8 42. g5 hxg5 43. hxg5 fxg5 44. Kxg5 Rf8 45. Rxd5 Rf7 46. Rb5 Rf6 47. Re5 Rh6 48. Re6 Rxe6 49. fxe6 Kg8 50. Kg6 Kf8 0-1

[Event "Scarborough CC-ch Reserves U1400"]
[Site "Toronto CAN"]
[Date "2012.04.12"]
[Round "4"]
[White "Roy, Lawrence"]
[Black "Patel, Saiyam"]
[Result "1-0"]
[WhiteElo "1020"]
[BlackElo "871"]
[PlyCount "38"]
[GameId "2160767909510269"]
[EventDate "2012.03.22"]
[EventType "swiss"]
[EventRounds "9"]
[EventCountry "CAN"]
[SourceTitle "EXT 2022"]
[Source "ChessBase"]
[SourceDate "2021.10.06"]
[SourceVersion "1"]
[SourceVersionDate "2021.10.06"]
[SourceQuality "1"]

1. e4 e5 2. Nf3 Nf6 3. Nxe5 Bc5 4. d4 Nxe4 5. Qe2 d5 6. f3 Bb4+ 7. c3 Bd6 8. fxe4 f6 9. Nf3 f5 10. exf5+ Qe7 11. Qxe7+ Bxe7 12. Be2 Bxf5 13. Nbd2 b6 14. Ne5 c5 15. dxc5 bxc5 16. Bf3 Nc6 17. Nxc6 O-O 18. Nxe7+ Kh8 19. Nxf5 Rxf5 1-0

[Event "Scarborough CC-ch Reserves U1400"]
[Site "Toronto CAN"]
[Date "2012.04.12"]
[Round "4"]
[White "Thanabalachandran, Luxiga"]
[Black "Patel, Alay"]
[Result "0-1"]
[WhiteElo "874"]
[BlackElo "914"]
[PlyCount "90"]
[GameId "2160767909510270"]
[EventDate "2012.03.22"]
[EventType "swiss"]
[EventRounds "9"]
[EventCountry "CAN"]
[SourceTitle "EXT 2022"]
[Source "ChessBase"]
[SourceDate "2021.10.06"]
[SourceVersion "1"]
[SourceVersionDate "2021.10.06"]
[SourceQuality "1"]

1. e4 e6 2. d4 Nf6 3. Nc3 d5 4. e5 Ne4 5. Nxe4 dxe4 6. f3 exf3 7. Nxf3 b6 8. Bb5+ Bd7 9. Bxd7+ Qxd7 10. Qe2 c5 11. dxc5 bxc5 12. Qe4 Nc6 13. Be3 Be7 14. Rd1 Qc7 15. Bg5 Bxg5 16. Nxg5 g6 17. Rd6 Rc8 18. Rf1 O-O 19. Qc4 Nxe5 20. Qa6 h6 21. Nf3 Nxf3+ 22. Rxf3 Rfd8 23. Rc6 Qxc6 24. Qxc6 Rxc6 25. Rd3 Rxd3 26. cxd3 Rd6 27. Ke2 Rd5 28. Ke3 Re5+ 29. Kd2 Rd5 30. a3 c4 31. Kc3 cxd3 32. Kd2 e5 33. b4 e4 34. a4 e3+ 35. Kd1 e2+ 36. Kd2 f5 37. g3 Re5 38. Ke1 d2+ 39. Kxd2 e1=Q+ 40. Kd3 Qe3+ 41. Kc4 Qc1+ 42. Kd3 Rd5+ 43. Ke2 Qc3 44. Kf2 Rd2+ 45. Ke1 Qc1# 0-1

[Event "Scarborough CC-ch Reserves U1400"]
[Site "Toronto CAN"]
[Date "2012.04.19"]
[Round "4"]
[White "Patel, Saiyam"]
[Black "Marcelino, Daryl"]
[Result "0-1"]
[WhiteElo "871"]
[BlackElo "911"]
[PlyCount "68"]
[GameId "2160767909510271"]
[EventDate "2012.03.22"]
[EventType "swiss"]
[EventRounds "9"]
[EventCountry "CAN"]
[SourceTitle "EXT 2022"]
[Source "ChessBase"]
[SourceDate "2021.10.06"]
[SourceVersion "1"]
[SourceVersionDate "2021.10.06"]
[SourceQuality "1"]

1. e4 e5 2. Qf3 Nf6 3. Nc3 d6 4. Bc4 Bg4 5. Qd3 Be7 6. Nd5 Nxd5 7. Qb3 Be6 8. Qxb7 Nd7 9. exd5 Nc5 10. Qc6+ Bd7 11. Bb5 Bxc6 12. Bxc6+ Nd7 13. Bxa8 Qxa8 14. b4 O-O 15. d4 exd4 16. Nf3 Qxd5 17. Bb2 c5 18. Rd1 Qxa2 19. O-O Qxb2 20. Rd2 Rb8 21. Re1 Kf8 22. Rde2 Re8 23. Ng5 Nf6 24. Nf3 Bd8 25. Nd2 Rxe2 26. Rxe2 Qc1+ 27. Nf1 cxb4 28. g4 a5 29. Kg2 a4 30. g5 Qxg5+ 31. Ng3 b3 32. f4 Qxf4 33. Nf1 b2 34. Nd2 a3 0-1